Vista normal Vista MARC

Entrada Personal Name

Número de registros utilizados en: 1

001 - CONTROL NUMBER

  • control field: 37779

003 - CONTROL NUMBER IDENTIFIER

  • control field: OSt

005 - DATE AND TIME OF LATEST TRANSACTION

  • control field: 20210521131801.0

008 - FIXED-LENGTH DATA ELEMENTS

  • fixed length control field: 210521|| aca||aabn | a|a d

040 ## - CATALOGING SOURCE

  • Original cataloging agency: OSt
  • Transcribing agency: OSt

100 ## - HEADING--PERSONAL NAME

  • Personal name: Lotero A., Ana María

670 ## - SOURCE DATA FOUND

  • Source citation: Work cat.: (OSt)11773: Alonso C., Julio Cesar, autor 24593, 10 años de la ley Paez transformacion de la economica caucana , 2008.